| 000 | 02025cam a22004814i 4500 | ||
|---|---|---|---|
| 003 | PE-LiUPU | ||
| 005 | 20250731172849.0 | ||
| 008 | 140206s2014 mou r 000 0 eng | ||
| 020 | _a0758644132 | ||
| 020 | _a9780758644138 | ||
| 035 | _a(Sirsi) i9780758644138 | ||
| 040 |
_aDLC _bspa _erda _cDLC _dBTCTA _dOCLCF _dBMS _dYDXCP _dPE-LiUPU |
||
| 082 | 0 | 0 |
_a261.55 _bF1 _223 |
| 245 | 0 | 0 |
_aFaith and Science in a Skeptical Age / _cedited by Jesse Yow. |
| 264 | 1 |
_aSaint Louis, Estados Unidos : _bConcordia Publishing House, _c[2014] |
|
| 300 |
_a288 páginas ; _c23 centímetros |
||
| 336 |
_atext _2rdacontent |
||
| 337 |
_aunmediated _2rdamedia |
||
| 338 |
_avolume _2rdacarrier |
||
| 500 | _aText derived from the Faith on the Edge Bible study series copyrights 2002, 2003, 2004 Concordia Publishing House. | ||
| 505 | 0 | _aOff the edge: faith, science, and the future -- The quest for spirituality -- The unexplainded: miracles, mysteries, and more -- Heaven and hell: the edge of eternity -- Playing God: redesingning life -- Article: bioengineering, artificial intelligence, and the new gnotincism -- Science and the savior: the calling of a scientist. | |
| 526 | _aSEG42 | ||
| 526 | _aSEG41 | ||
| 526 | _aSEG40 | ||
| 526 | _aSEG39 | ||
| 526 | _aP94 | ||
| 526 | _aP87 | ||
| 526 | _aP86 | ||
| 526 | _aP85 | ||
| 526 | _aP77 | ||
| 526 | _aP76 | ||
| 526 | _aP35 | ||
| 650 | 0 | _aReligión y ciencia. | |
| 650 | 7 | _aReligión y ciencia. | |
| 700 | 1 |
_aYow, Jesse., _eeditor. |
|
| 910 |
_ajck _bebj _cebj _d20160607 |
||
| 942 |
_2ddc _cBOOK |
||
| 949 |
_a261.55 F1 _wDEWEY _c1 _i73590 _lCCODEBUL1 _mBUL _p15.99 _r0 _sY _tBOOK _u2016-6-7 _xTEOLOGIA _PP85 _0COMPRA _o.STAFF. Colección General Teología |
||
| 994 |
_aC0 _bPEPRU |
||
| 596 | _a1 | ||
| 999 |
_a261.55 F1 _wDEWEY _c9766 _i73590 _d9766 _e2019-5-24 _f2021-11-10 _g5 _lCCODEBUL1 _mBUL _n3 _p15.99 _q2 _r0 _sY _tBOOK _u2016-6-7 _xTEOLOGIA _PP85 _0COMPRA _o.STAFF. Colección General Teología |
||
| 980 |
_81 _gALBERTO SANCHEZ Responsable de Automatización |
||